000 00479nam a2200181Ia 4500
008 151202s9999||||xx |||||||||||||| ||und||
082 _bPNVM-30527
100 _aMEHTA V. G.
245 _aINCOM TAX READY RECKONER ( 1974-75 ).
260 _bSHRI KUBER PUB.
260 _c1974
300 _a268
600 _aMEHTA V. G.
630 _aINCOM TAX READY RECKONER ( 1974-75 ).
700 _aMEHTA V. G.
730 _aINCOM TAX READY RECKONER ( 1974-75 ).
942 _cBOOK
999 _c1296489
_d1296486